Obras de San Buenaventura (edición bilingüe)

Spremljeno u:
Bibliografski detalji
Glavni autor: Buenaventura, San
Format: Knjiga
Jezik:Undetermined
Izdano: Madrid, España Editorial Católica 1947
Teme:
Oznake: Dodaj oznaku
Bez oznaka, Budi prvi tko označuje ovaj zapis!

MARC

LEADER 00000nam a2200000Ia 4500
008 170316s9999 xx 000 0 und d
090 |a 230 S-4o v.4 
100 |a Buenaventura, San 
245 |a Obras de San Buenaventura (edición bilingüe) 
260 |a Madrid, España 
260 |b Editorial Católica 
260 |c 1947 
300 |a 975 páginas Tomo 4 
650 |a TEOLOGÍA 
650 |a EDICIÓN BILINGÜE : EN IDIOMA LATÍN Y ESPAÑOL 
650 |a TEOLOGÍA MÍSTICA DE SAN BUENAVENTURA 
650 |a LAS TRES VÍAS O INCENDIO DE AMOR 
650 |a SOLILOQUIO 
650 |a GOBIERNO DEL ALMA 
650 |a DISCURSOS ASCÉTICO MÍSTICOS 
650 |a VIDA PERFECTA PARA RELIGIOSAS 
650 |a LAS SEIS ALAS DEL SERAFÍN 
650 |a EPISTOLA QUE CONTIENE VEINTICINCO MEMORIALES DE PERFECCIÓN 
650 |a DISCURSOS MARIOLÓGICOS 
999 |c 18079  |d 18079 
040 |a cru BVZT 
942 |c 15 D  |h 230 S-4o v.4  |2 z